Sociología de la medicina
Enregistré dans:
| Auteur principal: | |
|---|---|
| Format: | Livre |
| Langue: | espagnol |
| Publié: |
Madrid
Prentice Hall
2002
|
| Édition: | 8a. ed |
| Collection: | Pearson Educación
|
| Sujets: | |
| Tags: |
Ajouter un tag
Pas de tags, Soyez le premier à ajouter un tag!
|
MARC
| LEADER | 00000cam a2200000 a 4500 | ||
|---|---|---|---|
| 001 | UCE9198 | ||
| 003 | CL-VaPUC | ||
| 008 | 151002e20020000sp |||||||||||||||||spa|d | ||
| 020 | |a 8420530840 | ||
| 082 | 0 | 4 | |a 610.696 |b COC |2 21 |
| 100 | 0 | |a Cockerham, William C |e author |9 581944 | |
| 245 | 1 | 0 | |a Sociología de la medicina |
| 250 | |a 8a. ed | ||
| 300 | |a 463 p | ||
| 942 | |c BK | ||
| 945 | |d 20151002 15:56:00 |a arojas | ||
| 260 | |a Madrid |b Prentice Hall |c 2002 | ||
| 650 | 7 | |a SOCIOLOGIA DE LA MEDICINA |2 CL-VaPUC |9 432796 | |
| 650 | 7 | |a RELACION MEDICO PACIENTE |2 CL-VaPUC |9 392898 | |
| 583 | |a last modification |c 20151013 04:00:35 |k Rodrigo Vera | ||
| 490 | 0 | |a Pearson Educación | |
| 999 | |c 360877 |d 360875 | ||